000 00777nam a2200217 i 4500
005 20200104041507.0
008 140219s1995 mx ||||| |||| 00| 0 spa d
040 _aCO-BoIAVH
_cCO-BoIAVH
041 _aeng
082 0 4 _a338.17498
_bR78c
100 1 _aRos Tonen, Mirjam
245 1 0 _aCommercial and sustainable extraction of non-timber forest products :
_btowards a policy and management oriented research strategy /
_cMirjan Ros-Tonen.
260 _aMéxico :
_bTropenbos Foundation,
_c1995.
300 _a32 páginas ;
_c27 cm.
650 1 4 _aProductos forestales
650 2 4 _aUso sostenible
650 2 4 _aDesarrollo sostenible
700 _aDijkman, Wim,
_eautor.
700 _aBueren, Erik Lammerts van,
_eautor.
942 _cLIBRO
_2ddc
999 _c157
_d157